00000000nam 2200000zi 4500
0019.892158
003CaOODSP
00520230427111909
006m     o  d f      
007cr |n|||||||||
008201006s2002    onc     ob   f000 0|eng d
040 |aCaOODSP|beng|erda|cCaOODSP
043 |an-cn---
086 |aIu173-28/2002E-PDF
1001 |aTourigny, Dominique, |eauthor.
24510|aSurveying innovation in service industries : |ba literature review / |cDominique Tourigny.
264 1|a[Ottawa] : |bMarketplace Innovation Directorate, Innovation Policy Branch, |c[2002]
300 |a1 online resource (7 pages)
336 |atext|btxt|2rdacontent
337 |acomputer|bc|2rdamedia
338 |aonline resource|bcr|2rdacarrier
500 |aDigitized edition from print [produced by Innovation, Science and Economic Development Canada].
504 |aIncludes bibliographical references (page 6).
650 0|aService industries|xTechnological innovations|zCanada.
650 6|aServices (Industrie)|xInnovations|zCanada.
7101 |aCanada. |bIndustry Canada, |eissuing body.
85640|qPDF|s100 KB|uhttps://publications.gc.ca/collections/collection_2023/isde-ised/Iu173-28-2002-eng.pdf